নাটোরের গৌরব / (Record no. 54687)
[ view plain ]
| 000 -LEADER | |
|---|---|
| fixed length control field | 00910nam a2200229 a 4500 |
| 001 - CONTROL NUMBER | |
| control field | 54687 |
| 003 - CONTROL NUMBER IDENTIFIER | |
| rucl marc code | BD-RjUL |
| 005 - DATE AND TIME OF LATEST TRANSACTION | |
| control field | 20211209080145.0 |
| 008 - FIXED-LENGTH DATA ELEMENTS--GENERAL INFORMATION | |
| fixed length control field | 161108s1989 bg ||||| |||| 001 0 ben d |
| 020 ## - INTERNATIONAL STANDARD BOOK NUMBER | |
| Terms of availability | : Tk. 70.00 |
| 035 ## - SYSTEM CONTROL NUMBER | |
| System control number | (BD-RjUL)54809 |
| 040 ## - CATALOGING SOURCE | |
| Original cataloging agency | BD-RjUL |
| Language of cataloging | ben |
| Transcribing agency | BD-RjUL |
| Modifying agency | BD-RjUL |
| 041 ## - LANGUAGE CODE | |
| Language code of text/sound track or separate title | ben |
| 082 ## - DEWEY DECIMAL CLASSIFICATION NUMBER | |
| Classification number | 954.924 |
| Author mark and year | NAT 1989 |
| Edition number | 23 |
| 245 00 - TITLE STATEMENT | |
| Title | নাটোরের গৌরব / |
| Statement of responsibility, etc. | সম্পাদক মোঃ মকসুদুর রহমান |
| 260 ## - PUBLICATION, DISTRIBUTION, ETC. (IMPRINT) | |
| Place of publication, distribution, etc. | নাটোর : |
| Name of publisher, distributor, etc. | নাটোর জেলা প্রশাসন, |
| Date of publication, distribution, etc. | ১৯৮৯ |
| 300 ## - PHYSICAL DESCRIPTION | |
| Pagination | [১২], ২৫২ পৃ. : |
| Illustrations | চিত্র ; |
| Size | ২১ সেমি. |
| 651 ## - SUBJECT ADDED ENTRY--GEOGRAPHIC NAME | |
| Geographic name | বাংলাদেশ |
| Geographic subdivision | নাটোর |
| General subdivision | ইতিহাস |
| 9 (RLIN) | 248394 |
| Geographic name | Bangladesh |
| Geographic subdivision | Natore |
| General subdivision | History |
| 9 (RLIN) | 248395 |
| 700 ## - ADDED ENTRY--PERSONAL NAME | |
| Personal name | রহমান, মো. মকসুদুর, সম্পাদক |
| 942 ## - ADDED ENTRY ELEMENTS (KOHA) | |
| Source of classification or shelving scheme | Dewey Decimal Classification |
| Koha item type | Books |
| Lost status | Source of classification or shelving scheme | Damaged status | Not for loan | Collection code | Permanent Location | Current Location | Shelving location | Date acquired | Source of acquisition | Cost, normal purchase price | Total Checkouts | Full call number | Date last seen | Copy number | Koha item type | Date checked out |
|---|---|---|---|---|---|---|---|---|---|---|---|---|---|---|---|---|
| Dewey Decimal Classification | Non-fiction | Central Library, University of Rajshahi | Central Library, University of Rajshahi | 17/04/1990 | Md. Moksudur Rahman, RU. | 70.00 | B 954.924 NAT 1989 | 08/11/2016 | C-2 | Books | ||||||
| Dewey Decimal Classification | Non-fiction | Central Library, University of Rajshahi | Central Library, University of Rajshahi | 29/03/1990 | Mokosudur Rahman, | 70.00 | 1 | B 954.924 NAT 1989 | 04/05/2017 | C-3 | Books | 16/02/2017 | ||||
| Dewey Decimal Classification | Not For Loan | Non-fiction | Central Library, University of Rajshahi | Central Library, University of Rajshahi | Reading Room | 17/08/1990 | Author | 90.00 | B 954.924 NAT 1989 | 06/03/2017 | C-1 | Books | ||||
| Dewey Decimal Classification | Non-fiction | Central Library, University of Rajshahi | Central Library, University of Rajshahi | 17/04/1990 | Moksudur rohoman | 70.00 | B 954.924 NAT 1989 | 11/03/2017 | C-4 | Books | ||||||
| Dewey Decimal Classification | Non-fiction | Central Library, University of Rajshahi | Central Library, University of Rajshahi | 17/04/1990 | The Author | 70.00 | B 954.924 NAT 1989 | 23/09/2021 | C-5 | Books | ||||||
| Dewey Decimal Classification | Non-fiction | Central Library, University of Rajshahi | Central Library, University of Rajshahi | 17/04/1990 | The Author | 70.00 | B 954.924 NAT 1989 | 23/09/2021 | C-6 | Books | ||||||
| Dewey Decimal Classification | Non-fiction | Central Library, University of Rajshahi | Central Library, University of Rajshahi | 17/04/1990 | The Author | 70.00 | B 954.924 NAT 1989 | 23/09/2021 | C-7 | Books | ||||||
| Dewey Decimal Classification | Non-fiction | Central Library, University of Rajshahi | Central Library, University of Rajshahi | 17/04/1990 | The Author | 70.00 | B 954.924 NAT 1989 | 23/09/2021 | C-8 | Books | ||||||
| Dewey Decimal Classification | Non-fiction | Central Library, University of Rajshahi | Central Library, University of Rajshahi | 17/04/1990 | The Author | 70.00 | 954.924 NAT 1989 | 29/11/2021 | C-9 | Books |